Heat shock response in Synechocystis

Elmentve itt :
Bibliográfiai részletek
Szerző: Glatz Attila
Testületi szerző: Hungarian Congress on Plant Physiology, 7., 2002, Szeged
Dokumentumtípus: Cikk
Megjelent: 2002
Sorozat:Acta biologica Szegediensis 46 No. 3-4
Kulcsszavak:Természettudomány, Biológia
Online Access:http://acta.bibl.u-szeged.hu/22497
LEADER 00665nab a2200193 i 4500
001 acta22497
005 20210413122448.0
008 161017s2002 hu o 0|| eng d
022 |a 1588-385X 
040 |a SZTE Egyetemi Kiadványok Repozitórium  |b hun 
041 |a eng 
100 1 |a Glatz Attila 
245 1 0 |a Heat shock response in Synechocystis  |h [elektronikus dokumentum] /  |c  Glatz Attila 
260 |c 2002 
300 |a 53 
490 0 |a Acta biologica Szegediensis  |v 46 No. 3-4 
695 |a Természettudomány, Biológia 
710 |a Hungarian Congress on Plant Physiology, 7., 2002, Szeged 
856 4 0 |u http://acta.bibl.u-szeged.hu/22497/1/01-gla.pdf  |z Dokumentum-elérés